Score 0/23 Timer 03:00
0 Plays Today
Film Word % Correct
Dawn of the Planet of the ____Apes
99.6%
____ Fu Panda 2*Kung
98.5%
Red Riding ____Hood
98%
Harry _____ and the Prisoner of AzkabanPotter
97.6%
Air Force ___One
96.9%
A Christmas _____Carol
96.1%
Prick Up ____ EarsYour
95.1%
The _____ ElementFifth
93.8%
______ Tailor Soldier SpyTinker
90.2%
Rosencrantz and Guildenstern are ____Dead
89.5%
______ BeginsBatman
88.1%
The Book of ___Eli
81.7%
Film Word % Correct
We Think the ____ of YouWorld
81.4%
The Magic Sword: _____ for Camelot*Quest
80.8%
Lost in _____Space
79.4%
Sid and _____Nancy
73.2%
______ in the FirstMurder
65.9%
____: The ProfessionalLéon
61.5%
Henry & ____June
56.3%
State of _____Grace
53.6%
True _______Romance
50.8%
________ BelovedImmortal
27.6%
The ______Unborn
4.6%

Today's Daily Dose

You're not logged in!

Compare scores with friends on all Sporcle quizzes.
OR
Log In

Sporcle TV

Today on Sporcle TV


Watch our educational content, quiz creation guides, and fun videos on Sporcle TV.

Show Comments

Extras

Top Quizzes Today


Score Distribution

Paid Content

Your Account Isn't Verified!

In order to create a playlist on Sporcle, you need to verify the email address you used during registration. Go to your Sporcle Settings to finish the process.

Report this User

Report this user for behavior that violates our Community Guidelines.

Details: